000 01424nam a22004217a 4500
001 BR2020000320
003 BR-BrBNA
005 20230928105512.0
007 ta
008 230509b bl.||||| |||| 00| 0 por d
020 _a978-85-89479-08-0
040 _aBR-BrBNA
_bpor
_cBiblioteca Nacional de Agricultura
041 _a(Por)
072 _aP01; P10; P36
090 _ P01 BR2020000320
100 1 _aRezende, C.E. (org.)
100 1 _aBeneditto, A.P.M. Di (org.)
100 1 _aCardoso, A.M.M.
100 1 _aSantos, S.S. dos
100 1 _aBraz Filho, R.
100 1 _aSuzuki, M.S.
100 1 _aVogel, A.
100 1 _aCarvalho, A.M. de
110 1 _aUniversidade Estadual do Norte Fluminense Darci Ribeiro, Rio de Janeiro, RJ (Brasil). Centro de Biociências e Biotecnologia; Laboratório de Ciências Ambientais
245 1 _aDiagnóstico ambiental da área de proteção ambiental Lagoa de Cima
_bSérie Ciências Ambientais v. 2
260 3 _aRio de Janeiro, RJ (Brasil):
_c2006.
300 _a148 p.
500 _aIncludes several bibliographies; Summary (Por); 53 illus.; 22 tables
650 _aPROTEÇÃO AMBIENTAL
650 _aPRESERVAÇÃO DA NATUREZA
650 _aCONSERVAÇÃO DA ÁGUA
650 _aCONSERVAÇÃO DO SOLO
650 _aDIAGNÓSTICO
650 _aLAGOA DE CIMA
650 _aCAMPOS DOS GOITACAZES
909 _a202309
_bLucia
_c55
_dLucia Elande
942 _cBK
999 _c85415
_d85415